000 00555pab a2200181 454500
008 180718b1997 xxu||||| |||| 00| 0 eng d
100 _aRondinelli, Dennis A.
245 _aAdministrative restructuring for economic transformation in Vietnam
260 _c1997
300 _ap.509-28
362 _aDec
650 _aEconomic and social development - Vietnam
650 _aEconomic and social development
650 _aAdministrative reform
700 _aHung, Le Ngoc
773 _aInternational Review of Administrative Sciences
909 _a37115
999 _c37115
_d37115